000 00668nam a2200241 i 4500
001 C2-0144020
003 PPAK
005 20180727130246.0
008 980120s1984 enka|||| ||||| | eng d
020 _a0600385914
040 _aPPAK
_beng
_cPPAK
_erda
082 0 4 _a359.0973
_223
090 0 0 _a359.0973
_bMOR
_dR
100 1 _aMorris, James M.,
_eauthor
245 1 0 _aHistory of the US Navy
264 1 _aLondon :
_bHamlyn ,
_c1984
300 _a224 pages :
_bcolour illustrations ;
_c31 cm
336 _2rdacontent
_atext
337 _2rdamedia
_aunmediated
338 _2rdacarrier
_avolume
650 1 0 _aSea-power - United States - History
942 _ddc
_cB
999 _c45391
_d45391